00611 2200241 4500001002100000005001500021035002000036245006600056100001200122250000600134300003500140700002000175260003500195082000800230084001400238020002200252650001000274990001700284990001700301990001700318990001700335990001700352INLIS00000000000006620180814122701 a0010-08180000301 aPeta, Atlas dan Globe /cWinarti; Ilustrator, Puguh Suprianto0 aWinarti a- aiv, 60 hlm. :bilus. ;c25 cm.0 aPuguh Suprianto aKlaten :bCempaka Putih,c2008 a912 a912 WIN p a978-979-662-347-1 aAtlas a00278/P/2018 a00279/P/2018 a00280/P/2018 a00281/P/2018 a00282/P/2018